logo

Bir Sreshtho Munshi Abdur Rouf Library
Jhenaidah Cadet College

লালন-হাসান জীবন-কর্ম-সমাজ / (Record no. 2260)

MARC details
000 -LEADER
fixed length control field 00733nam a2200241 a 4500
001 - CONTROL NUMBER
JCCL Control Number 2260
003 - CONTROL NUMBER IDENTIFIER
JCCL marc code BD-JhCC
005 - DATE AND TIME OF LATEST TRANSACTION
control field 20171108093525.0
008 - FIXED-LENGTH DATA ELEMENTS--GENERAL INFORMATION
fixed length control field 171031s2009 bg ||||| |||| 001 0 ben d
020 ## - INTERNATIONAL STANDARD BOOK NUMBER
International Standard Book Number 9840747851
035 ## - SYSTEM CONTROL NUMBER
system control number (BD-JhCC)2260
040 ## - CATALOGING SOURCE
Original cataloging agency BD-JhCC
Modifying agency BD-JhCC
041 ## - LANGUAGE CODE
Language code of Book ben
082 ## - DEWEY DECIMAL CLASSIFICATION NUMBER
DDC Edition number 22
Classification number 780.88294
Author mark and Year WAH 2009
100 ## - MAIN ENTRY--PERSONAL NAME
Personal name ওয়াহাব, আবদুল
245 ## - TITLE STATEMENT
Title লালন-হাসান জীবন-কর্ম-সমাজ /
Statement of responsibility, etc আবদুল ওয়াহাব
260 ## - PUBLICATION, DISTRIBUTION, ETC. (IMPRINT)
Place of publication, distribution, etc ঢাকা :
Name of publisher, distributor, etc বাংলা একাডেমী,
Date of publication, distribution, etc ২০০৯
300 ## - PHYSICAL DESCRIPTION
Pagination 572 p. :
Dimensions 22cm.
650 ## - SUBJECT ADDED ENTRY--TOPICAL TERM
Topical term or geographic name as entry element Lalon Shah
Geographic subdivision Folk Song
650 ## - SUBJECT ADDED ENTRY--TOPICAL TERM
Topical term or geographic name as entry element Hason Raja
942 ## - ADDED ENTRY ELEMENTS (KOHA)
Source of classification or shelving scheme Dewey Decimal Classification
Koha item type Books
Holdings
Source of classification or shelving scheme Damaged status Not for loan Home library Current library Shelving location Date of accession Cost, normal purchase price Total Checkouts Full call number Barcode Date last seen Copy number Koha item type
Dewey Decimal Classification     JCC Rouf Library JCC Rouf Library General Stacks 10/31/2017 280.00   780.88294 WAH 2009 3546 10/31/2017 C-1 Books

JCC Library | Contacts | JCC Home

Last Update on 23 September 2017
Copyright @ 2017-2020 JCC Rouf Library
Rouf Library, Jhenidah Cadet College (JCC), Bangladesh